[Event "Daireaux IRT 3rd"]
[Site "Daireaux"]
[Date "2019.07.07"]
[Round "5.1"]
[White "Iborra, Diego"]
[Black "Pacho, Jano"]
[Result "1/2-1/2"]
[WhiteElo "1944"]
[BlackElo "2074"]
[PlyCount "145"]
[EventDate "2019.07.06"]
[EventType "swiss"]
[EventRounds "7"]
[EventCountry "ARG"]
[SourceTitle "EXT 2024"]
[Source "ChessBase"]
[SourceDate "2023.10.10"]
[SourceVersion "1"]
[SourceVersionDate "2023.10.10"]
[SourceQuality "1"]

1. d4 Nf6 2. g3 d5 3. Bg2 e6 4. Nf3 Nbd7 5. 0-0 Be7 6. Re1 Ne4 7. Nbd2 f5 8. c3 0-0 9. Nf1 g5 10. Ne5 Nd6 11. Nd3 Qe8 12. f3 Qg6 13. Nf2 b6 14. Qd3 Bb7 15. e4 Rae8 16. b3 h5 17. exd5 exd5 18. Ba3 c5 19. Re2 Bf6 20. Rae1 Rxe2 21. Rxe2 Re8 22. Rxe8+ Qxe8 23. dxc5 Nxc5 24. Bxc5 bxc5 25. f4 Ne4 26. fxg5 Bxg5 27. Nh3 Bh6 28. Qf3 Qf7 29. Nf4 Bxf4 30. Qxf4 Nxc3 31. Qg5+ Kh7 32. Bf3 Ne4 33. Qh4 Qf6 34. Qxh5+ Kg7 35. Bxe4 Qd4+ 36. Kg2 Qxe4+ 37. Kf2 d4 38. Qg5+ Kf7 39. Qf4 Qxf4+ 40. gxf4 Bd5 41. Nd2 a5 42. Kg3 a4 43. Kh4 Kg6 44. Kg3 axb3 45. axb3 Kh5 46. Kh3 d3 47. Kg3 Bxb3 48. Kf3 Bd5+ 49. Ke3 Kg4 50. Nb1 c4 51. Nc3 Bf7 52. Nd1 Kh3 53. Kf2 Kxh2 54. Nc3 Bh5 55. Ke3 Kg1 56. Nd5 Kf1 57. Kd2 Kf2 58. Ne3 Bf7 59. Nxf5 Kf3 60. Nd6 Bd5 61. f5 Kf4 62. f6 Ke5 63. f7 Bxf7 64. Nxf7+ Kd4 65. Nd6 c3+ 66. Kd1 Ke3 67. Nf5+ Ke4 68. Nd6+ Kd5 69. Nb5 c2+ 70. Kd2 Kc4 71. Na3+ Kb3 72. Nxc2 dxc2 73. Kc1 1/2-1/2

[Event "ARG-ch U2000"]
[Site "Tacuari"]
[Date "2018.11.17"]
[Round "3"]
[White "Iborra, Diego"]
[Black "Agnello, Silvana"]
[Result "0-1"]
[WhiteElo "1951"]
[BlackElo "1917"]
[PlyCount "110"]
[EventDate "2018.11.16"]
[EventType "swiss"]
[EventRounds "8"]
[EventCountry "ARG"]
[SourceTitle "EXT 2020"]
[Source "ChessBase"]
[SourceDate "2019.10.17"]
[SourceVersion "1"]
[SourceVersionDate "2019.10.17"]
[SourceQuality "1"]

1. d4 Nf6 2. h4 g6 3. Nf3 Bg7 4. Bg5 d6 5. Qc1 h6 6. Bf4 Nc6 7. c3 Bf5 8. g3 Qd7 9. Bg2 Nd5 10. Nh2 Nxf4 11. Qxf4 e5 12. dxe5 dxe5 13. Qa4 Rd8 14. 0-0 Bh3 15. Na3 Bxg2 16. Kxg2 0-0 17. Rad1 Qe7 18. Qb5 Rb8 19. Rd5 a6 20. Qc4 Rfd8 21. Rfd1 Rxd5 22. Rxd5 Rd8 23. Nf1 Rxd5 24. Qxd5 Bf8 25. Nc2 Qc5 26. e4 Qb6 27. b3 Bd6 28. Nfe3 Ne7 29. Qd3 Qa5 30. a4 Qb6 31. b4 Qc6 32. a5 Kg7 33. Nc4 g5 34. hxg5 hxg5 35. N2e3 f5 36. f3 g4 37. Nxd6 gxf3+ 38. Kxf3 cxd6 39. c4 Kf6 40. b5 axb5 41. cxb5 fxe4+ 42. Qxe4 Qxb5 43. Kg2 Qc6 44. Kf3 Ke6 45. g4 d5 46. Qh7 d4+ 47. Ke2 dxe3 48. Qh6+ Kd7 49. Qxe3 Qb5+ 50. Kf3 Qxa5 51. g5 Qd5+ 52. Ke2 Nf5 53. Qb6 Qc4+ 54. Ke1 Qe4+ 55. Kf1 Qf3+ 0-1

[Event "Buenos Aires U2200 op"]
[Site "Buenos Aires"]
[Date "2018.04.22"]
[Round "6.6"]
[White "Iborra, Diego"]
[Black "Heht, Matias"]
[Result "0-1"]
[WhiteElo "1978"]
[BlackElo "1819"]
[PlyCount "66"]
[EventDate "2018.04.20"]
[EventType "swiss"]
[EventRounds "7"]
[EventCountry "ARG"]
[SourceTitle "EXT 2024"]
[Source "ChessBase"]
[SourceDate "2023.10.10"]
[SourceVersion "1"]
[SourceVersionDate "2023.10.10"]
[SourceQuality "1"]

1. f4 d5 2. Nf3 Nf6 3. e3 g6 4. Be2 Bg7 5. d4 0-0 6. 0-0 b6 7. Nbd2 Ng4 8. Nb3 Ba6 9. h3 Nf6 10. Nbd2 Bxe2 11. Qxe2 c5 12. c3 Nc6 13. b3 Ne4 14. Nxe4 dxe4 15. Nd2 cxd4 16. exd4 Nxd4 17. Qxe4 Nf5 18. Qf3 Rc8 19. Ne4 Bxc3 20. Rb1 Bd4+ 21. Kh1 Rc2 22. Qd3 Qa8 23. Qxc2 Qxe4 24. Qxe4 Ng3+ 25. Kh2 Nxf1+ 26. Kh1 Ng3+ 27. Kh2 Nxe4 28. Ba3 Bc5 29. Bb2 Rd8 30. a3 Be3 31. Be5 f6 32. Re1 Nd2 33. Rxe3 Nf1+ 0-1